Turbulent Afghanistan: A critical analysis of the US politics of confinement and the rise of the taliban (Record no. 395245)

MARC details
000 -LEADER
fixed length control field 00596 a2200205 4500
005 - DATE & TIME
control field 20260213163411.0
008 - FIXED-LENGTH DATA ELEMENTS--GENERAL INFORMATION
fixed length control field 260213b |||||||| |||| 00| 0 eng d
020 ## - ISBN
International Standard Book Number 9781032768731
Price Rs. 1295.00
040 ## - CATALOGING SOURCE
Original cataloging agency VIVEKANANDA LIBRARY
082 ## - DDC NUMBER
Classification number 320.9581
Book Number S19T
100 ## - MAIN ENTRY--PERSONAL NAME
Personal name Sahill, Pamir Halimzai
245 ## - TITLE STATEMENT
Title Turbulent Afghanistan: A critical analysis of the US politics of confinement and the rise of the taliban
250 ## - EDITION STATEMENT
Edition statement Oxon
260 ## - PUBLICATION, DISTRIBUTION, ETC. (IMPRINT)
Name of publisher, distributor, etc Routledge
Date of publication, distribution, etc 2024
Place of publication, distribution, etc Oxon
300 ## - PHYSICAL DESCRIPTION
Pages xvi, 195
650 ## - Subject
Subject Political Science
650 ## - Subject
Subject Afghanistan - History
650 ## - Subject
Subject Politics
942 ## - ADDED ENTRY ELEMENTS (KOHA)
Koha item type Books
Holdings
Withdrawn status Lost status Source of classification or shelving scheme Damaged status Not for loan Location (home branch) Sublocation or collection (holding branch) Shelving location Date acquired Koha issues (times borrowed) Koha full call number Accession No. Koha date last seen Koha item type
    Dewey Decimal Classification     VIVEKANANDA LIBRARY VIVEKANANDA LIBRARY Vivekananda Library 22/01/2026   320.9581 S19T 444464 22/01/2026 Books
© Designed and Maintained by Vivekananda Library, MDU Rohtak